Welcome to the Holygrace Academy Library

Please use search bar below to get started

LOUIS PASTEUR (Record no. 6752)

MARC details
000 -LEADER
fixed length control field 00264nam a22001217a 4500
020 ## - INTERNATIONAL STANDARD BOOK NUMBER
ISBN 81-7826-021-2
082 ## - DEWEY DECIMAL CLASSIFICATION NUMBER
Classification number 001
Item number ROH/W
245 ## - TITLE STATEMENT
Title LOUIS PASTEUR
260 ## - PUBLICATION, DISTRIBUTION, ETC. (IMPRINT)
Place of publication DELHI
Name of publisher ROHAN BOOK COMPANY
300 ## - PHYSICAL DESCRIPTION
Number of Pages 24
650 ## - SUBJECT ADDED ENTRY--TOPICAL TERM
Topical Term ABOUT LOUIS PASTEUR
Geographic subdivision DELHI
942 ## - ADDED ENTRY ELEMENTS (KOHA)
Koha item type Books
Holdings
Withdrawn status Lost status Collection code Home library Current library Shelving location Date acquired Source of acquisition Full call number Accession Number Koha item type
    Reference Main Library Main Library SHELF-17-L-BIOGRAPHIES & AUTOBIOGRAPHIES 16/11/2006 PURCHASE 001 ROH/W 03285 Books